000 00307nam a22001337a 4500
003 SGT
020 _a8185731403
082 _a615.1
_bSUB
100 _aSUBRAHMANYAM C.V.S
245 _aPHARMACEUTICAL PRODUCTION AND MANAGEMENT
260 _aINDIA
_bVALLABH PUB
_c2022
300 _a496
942 _2ddc
_cBK
999 _c34459
_d34459